| 000 | 00535 a2200157 4500 | ||
|---|---|---|---|
| 040 |
_aDLC _bDLC |
||
| 082 | _a327.101 | ||
| 100 | _aViotti, Paul R. | ||
| 245 |
_aInternational Relations World Politics: Security Economy Identity _cPaul R. Viotti |
||
| 250 | _a3rd. | ||
| 260 |
_aIslamabad: _bNational Book Foundation, _c1990. |
||
| 300 |
_axvi, 584 p. : _bill. ; _c27 cm. |
||
| 500 | _aIncludes Index | ||
| 650 | _a1.World politics--1989.2.International relations.3.Security, International. 4.Nationalism. | ||
| 942 |
_cBK _k327.101 VIO _2ddc |
||
| 999 |
_c7176 _d7176 |
||